Normal view
MARC view
Entry Personal Name
001 - CONTROL NUMBER
- control field: 30450
003 - CONTROL NUMBER IDENTIFIER
- control field: dpl
005 - DATE AND TIME OF LATEST TRANSACTION
- control field: 20110729105118.0
008 - FIXED-LENGTH DATA ELEMENTS
- fixed length control field: 110729|||a|||||| | ||| d
040 ## - CATALOGING SOURCE
- Original cataloging agency: dpl
- Transcribing agency: dpl
100 ## - HEADING--PERSONAL NAME
- Personal name: Yadav, K. C.
- Fuller form of name: ( Kripal Chandra)
670 ## - SOURCE DATA FOUND
- Source citation: Work cat.: (dpl)23937: Yadav, K. C. ( Kripal Chandra) , 1857, the role of Punjab, Haryana and Himachal Pradesh /, 2008
670 ## - SOURCE DATA FOUND
- Source citation: Work cat.: (dpl)23937: Yadav, K. C. ( Kripal Chandra) , 1857, the role of Punjab, Haryana and Himachal Pradesh /, 2008
